00654nam a2200181 a 450000100100000000500170001000800410002704000250006808200150009310000270010824500770013526000590021230000200027150000420029104900090033395201130034299900170045500001429620200929163549.0091209s1978 dr 000 0 spa d aDO-SdBNPbspacBNPHU axxxbT266m1 aTejada, Argelia93225710aMetodología de una experienciaen en el sector rural /cArgelia Tejada. aSanto Domingo :bServicios Gráficos Diversos,c1978. a35 p. ;c29 cm. aIncluye notas al pie de las páginas aBNPD 0010718PDaPDbPDcCTd2009-12-09iLF1l0oxxx T266mp14296-10r2020-06-25w2020-06-25yLFPDZNo se presta c13892d13892